The rhino war [

Bibliographic Details
Format: Book
Published: s.l. : National Geographic Society , 19-
Subjects:

MARC

LEADER 00000cam a2200000 7i4500
001 0000000104
002 000000119
005 20021009.0
020 |a 000000119 
090 0 0 |a 599.728   |b RHI 
245 0 4 |a The rhino war [  |h video recording] 
260 |a s.l. :   |b National Geographic Society ,   |c 19- 
300 |a 1 Video recording VHS (60:00 minutes) :   |b col.(PAL) 
500 |a Library has 1 copy 
650 0 0 |a Rhinoceroses 
999 |a PV0024   |b VIDEO   |c RUJUKAN   |e PERPUSTAKAAN KOMUNITI PETALING JAYA